Traffic engineering and transport planning (Record no. 28419)

000 -LEADER
fixed length control field 00503nam a22001937a 4500
001 - CONTROL NUMBER
control field 28419
003 - CONTROL NUMBER IDENTIFIER
control field BD-DhUET
008 - FIXED-LENGTH DATA ELEMENTS--GENERAL INFORMATION
fixed length control field 150610b xxu||||| |||| 00| 0 eng d
040 ## - CATALOGING SOURCE
Transcribing agency 0
Modifying agency BD-DhUET
082 ## - DEWEY DECIMAL CLASSIFICATION NUMBER
Classification number 388.312
Item number KAD/1997
100 ## - MAIN ENTRY--PERSONAL NAME
Personal name Kadiyali, L. R.
245 ## - TITLE STATEMENT
Title Traffic engineering and transport planning
250 ## - EDITION STATEMENT
Edition statement 6th ed.
260 ## - PUBLICATION, DISTRIBUTION, ETC. (IMPRINT)
Place of publication, distribution, etc. Delhi
Name of publisher, distributor, etc. Khanna Publishers
Date of publication, distribution, etc. 1997
300 ## - PHYSICAL DESCRIPTION
Extent xxiii,900 p.
Other physical details ill.
504 ## - BIBLIOGRAPHY, ETC. NOTE
Bibliography, etc Includes bibliographies
650 #0 - SUBJECT ADDED ENTRY--TOPICAL TERM
Topical term or geographic name as entry element Traffic engineering
942 ## - ADDED ENTRY ELEMENTS (KOHA)
Koha item type General Book
Holdings
Location (home branch) Piece designation (barcode) Koha date last borrowed Lost status Shelving location Koha full call number Sublocation or collection (holding branch) Copy number Not for loan Koha date last seen Date acquired Koha out on loan Koha normalized classification for sorting Koha item type Price effective from Koha issues (times borrowed) Source of classification or shelving scheme Withdrawn status Damaged status
Central Library, BUET92319  Reading section338.312/KAD/1997Central Library, BUET1 2015-06-102015-06-10 338_312000000000000_KAD_1997General Book2015-06-10    
Central Library, BUET92318  Reading section338.312/KAD/1997Central Library, BUET2 2015-06-222015-06-22 338_312000000000000_KAD_1997General Book2015-06-22    
Central Library, BUET92315  Reading section388.312/KAD/1997Central Library, BUET3 2015-06-222015-06-22 388_312000000000000_KAD_1997General Book2015-06-22    
Central Library, BUET92317  Reading section388.312/KAD/1997Central Library, BUET4 2015-06-222015-06-22 388_312000000000000_KAD_1997General Book2015-06-22    
Central Library, BUET923272023-05-28 Circulation section388.312/KAD/1997Central Library, BUET5 2023-05-281998-06-252024-05-27388_312000000000000_KAD_1997General Book2019-03-121   
Central Library, BUET923262024-05-13 Circulation section388.312/KAD/1997Central Library, BUET6 2025-04-301998-06-25 388_312000000000000_KAD_1997General Book2021-03-161   
Central Library, BUET923282025-07-26 Circulation section388.312 KAD/1997Central Library, BUET7 2025-10-191998-06-25 388_312000000000000_KAD_1997General Book2024-11-172